Čarování pro pokročilé : jak zlepšit své čarodějnické dovednosti /

Hlavní autor: Furie, Michael, 1978-
Další autoři: Krhutová, Daiana
Jazyk: Čeština
Vydáno: Olomouc : Fontána, [2021]
Vydání: Vydání první
Témata:
Fyzický popis: 249 stran : ilustrace ; 21 cm
Knihy
Uloženo v:
LEADER 01833cam a2200517 i 4500
001 nkc20223393961
003 CZ PrNK
005 20220421084024.0
007 ta
008 220126t20212021xr a e f 000 0 cze d
015 |a cnb003393961 
020 |a 978-80-7651-087-6  |q (brožováno) 
035 |a (OCoLC)1315528714 
040 |a ULG001  |b cze  |d BOA001  |e rda 
041 1 |a cze  |h eng 
072 7 |a 133  |x Ezoterismus. Okultismus  |2 Konspekt  |9 17 
080 |a 133.4  |2 MRF 
080 |a 133.4+2-545/-547  |2 MRF 
080 |a (035)  |2 MRF 
100 1 |a Furie, Michael,  |d 1978-  |7 hka20221139954  |4 aut 
240 1 0 |a Spellcasting beyond the basics.  |l Česky 
245 1 0 |a Čarování pro pokročilé :  |b jak zlepšit své čarodějnické dovednosti /  |c Michael Furie ; z anglického originálu Spellcasting beyond the basics ... přeložila Daiana Krhutová 
250 |a Vydání první 
264 1 |a Olomouc :  |b Fontána,  |c [2021] 
264 4 |c ©2021 
300 |a 249 stran :  |b ilustrace ;  |c 21 cm 
336 |a text  |b txt  |2 rdacontent 
337 |a bez média  |b n  |2 rdamedia 
338 |a svazek  |b nc  |2 rdacarrier 
500 |a Terminologický slovník 
504 |a Obsahuje bibliografii a bibliografické odkazy 
650 0 7 |a čarodějnictví  |7 ph128083  |2 czenas 
650 0 7 |a magie  |7 ph115203  |2 czenas 
650 0 7 |a magické rituály  |7 ph238388  |2 czenas 
650 0 9 |a witchcraft  |2 eczenas 
650 0 9 |a magic  |2 eczenas 
650 0 9 |a magical rituals  |2 eczenas 
655 7 |a příručky  |7 fd133209  |2 czenas 
655 9 |a handbooks and manuals  |2 eczenas 
700 1 |a Krhutová, Daiana  |7 xx0044904  |4 trl 
910 2 |a BOA001  |b 2-1483.352 
920 |a 016020003808099  |z ULG001 
990 |a BK 
995 |a 01 
991 |b 202204  |c NOV 
996 6 |b 2610897216  |c 2-1483.352  |l MZK  |r Sklad / do 1 hodiny  |n 0  |p p.v.  |w 001881000  |u 000010  |a 1  |e BOA001  |j MZK50  |s P